Central Library OPAC University of Rajshahi

বাংলাদেশে মুসলিম শিক্ষার ইতিহাস এবং সমস্যা / (Record no. 38295)

MARC details
000 -LEADER
fixed length control field 01253nam a22002537a 4500
001 - CONTROL NUMBER
control field 38295
003 - CONTROL NUMBER IDENTIFIER
rucl marc code BD-RjUL
005 - DATE AND TIME OF LATEST TRANSACTION
control field 20211209052751.0
008 - FIXED-LENGTH DATA ELEMENTS--GENERAL INFORMATION
fixed length control field 151102s1969 bg ||||| |||| 00| 0 ben d
035 ## - SYSTEM CONTROL NUMBER
System control number (BD-RjUL)38400
040 ## - CATALOGING SOURCE
Original cataloging agency BD-RjUL
Language of cataloging ben
Transcribing agency BD-RjUL
Modifying agency BD-RjUL
041 ## - LANGUAGE CODE
Language code of text/sound track or separate title ben
082 ## - DEWEY DECIMAL CLASSIFICATION NUMBER
Classification number 370.95414
Edition number 23
Author mark and year HOB 1969
100 ## - MAIN ENTRY--PERSONAL NAME
Personal name হক, মোহাম্মদ আজিজুল
9 (RLIN) 118372
245 ## - TITLE STATEMENT
Title বাংলাদেশে মুসলিম শিক্ষার ইতিহাস এবং সমস্যা /
Statement of responsibility, etc. মোহাম্মদ আজিজুল হক ; মুস্তাফা নূরউল ইসলাম অনূদিত
260 ## - PUBLICATION, DISTRIBUTION, ETC. (IMPRINT)
Place of publication, distribution, etc. ঢাকা :
Name of publisher, distributor, etc. বাংলা একাডেমী,
Date of publication, distribution, etc. ১৯৬৯
300 ## - PHYSICAL DESCRIPTION
Pagination ১১৫ পৃ. :
Illustrations চিত্র ;
Size ২১ সেমি.
650 ## - SUBJECT ADDED ENTRY--TOPICAL TERM
Topical term or geographic name as entry element শিক্ষা
Geographic subdivision ইন্ডিয়া
-- বেঙ্গল
9 (RLIN) 118377
Topical term or geographic name as entry element Education
Geographic subdivision India
-- Bengal.
9 (RLIN) 118537
Topical term or geographic name as entry element Muslims
General subdivision Education
Geographic subdivision India
-- Bengal.
9 (RLIN) 118378
Topical term or geographic name as entry element মুসলিম
General subdivision শিক্ষা
Geographic subdivision ইন্ডিয়া
-- বেঙ্গল
9 (RLIN) 119704
700 ## - ADDED ENTRY--PERSONAL NAME
Personal name ইসলাম, মুস্তাফা নূরউল, অনু.
942 ## - ADDED ENTRY ELEMENTS (KOHA)
Source of classification or shelving scheme Dewey Decimal Classification
Koha item type Books
Holdings
Lost status Source of classification or shelving scheme Damaged status Not for loan Collection code Permanent Location Current Location Shelving location Date acquired Source of acquisition Cost, normal purchase price Total Checkouts Full call number Date last seen Copy number Koha item type Date checked out
  Dewey Decimal Classification     Non-fiction Central Library, University of Rajshahi Central Library, University of Rajshahi   24/07/1970 Nawroj Kitabistan, Dhaka 2.50   B 370.95414 HOB 1969 02/11/2015 C-2 Books  
  Dewey Decimal Classification   Not For Loan Non-fiction Central Library, University of Rajshahi Central Library, University of Rajshahi Reading Room 01/09/1973 Nawroj Kitabistan, Dhaka 2.50   B 370.95414 HOB 1969 02/03/2016 C-1 Books  
  Dewey Decimal Classification     Non-fiction Central Library, University of Rajshahi Central Library, University of Rajshahi   13/01/1975 Bangla Academy, Dhaka 2.50 1 B 370.95414 HOB 1969 17/04/2024 C-3 Books 18/03/2024
  Dewey Decimal Classification     Non-fiction Central Library, University of Rajshahi Central Library, University of Rajshahi   13/01/1975 Bangla Academy, Dhaka 2.50   B 370.95414 HOB 1969 02/03/2016 C-4 Books  
  Dewey Decimal Classification     Non-fiction Central Library, University of Rajshahi Central Library, University of Rajshahi   13/01/1975 Bangla Academy, Dhaka 2.50   B 370.95414 HOB 1969 02/03/2016 C-5 Books  
  Dewey Decimal Classification     Non-fiction Central Library, University of Rajshahi Central Library, University of Rajshahi   13/01/1975 Bangla Academy, Dhaka 2.50   B 370.95414 HOB 1969 02/03/2016 C-6 Books  
  Dewey Decimal Classification     Non-fiction Central Library, University of Rajshahi Central Library, University of Rajshahi   01/09/1973 Nawroj Kitabistan, Dhaka 2.50   B 370.95414 HOB 1969 02/03/2016 C-7 Books  
  Dewey Decimal Classification     Non-fiction Central Library, University of Rajshahi Central Library, University of Rajshahi   13/01/1975 Bangla Academy, Dhaka 2.50   B 370.95414 HOB 1969 02/03/2016 C-8 Books  
  Dewey Decimal Classification     Non-fiction Central Library, University of Rajshahi Central Library, University of Rajshahi   13/01/1975 Bangla Academy, Dhaka 2.50   B 370.95414 HOB 1969 17/07/2016 C-9 Books